• 首页
  • 本馆介绍
  • 公告通知
  • 最新文献
  • 馆藏检索
  • 电子资源
  • 读者导购
  • 参考咨询
  • 我的图书馆
  • 登录
  • 详细信息显示
  • 放入我的书架
  • 预约/预借图书
  • 作者相关作品
  • 分类相关作品
  • 丛书相关作品
  • 出版社相关作品

书目信息

  • 表格格式
  • 工作单格式
  • 卡片格式
题名:
分数阶混沌系统的控制与同步
    
 
作者: 宋晓娜 著
分册:  
出版信息: 北京   科学出版社  2018.06
页数: 168页
开本: 24cm
丛书名:
单 册:
中图分类: O415.5
科图分类:
主题词: 混沌--同步控制系统--研究
电子资源:
ISBN: 978-7-03-057324-7
000 00749nam0 2200217 450
001 4929
005 20181013154309.63
010    @a978-7-03-057324-7@dCNY85.00
100    @a20180913d2018 em y0chiy50 ea
101 0  @achi
102    @aCN@b110000
105    @ay z 000yy
200 1  @a分数阶混沌系统的控制与同步@9fen shu jie hun dun xi tong de kong zhi yu tong bu@f宋晓娜著
210    @a北京@c科学出版社@d2018.06
215    @a168页@d24cm
330    @a本书根据工程应用的实际需要,介绍了分数阶混沌系统的理论基础、稳定性分析、控制与同步方法、主要实现技术、计算机模拟验证技术等问题。
606 0  @a混沌@x同步控制系统@x研究
690    @aO415.5@v5
701  0 @a宋晓娜@9song xiao na@4著
801  0 @aCN@b91MARC@c20180913
905    @aMuseLib@dO415.5@e116
    
    分数阶混沌系统的控制与同步/宋晓娜著.-北京:科学出版社,2018.06
    168页;24cm
    
    
    ISBN 978-7-03-057324-7:CNY85.00
    本书根据工程应用的实际需要,介绍了分数阶混沌系统的理论基础、稳定性分析、控制与同步方法、主要实现技术、计算机模拟验证技术等问题。
●
相关链接 在E读中查询图书 在五车中查询图书 在当当中查询图书 在豆瓣中查询图书


正题名:分数阶混沌系统的控制与同步     索取号:O415.5/116         预约/预借

序号 登录号 条形码 馆藏地/架位号 状态 备注
1 1127299   211272996   第二样本阅览室/ [索取号:O415.5/116] 在馆    
2 1127300   211273003   数信系资料室/ [索取号:O415.5/116] 在馆    
3 1127301   211273012   第三借阅区/ [索取号:O415.5/116] 在馆    
4 1127302   211273021   第三借阅区/ [索取号:O415.5/116] 在馆    
5 1127303   211273030   第三借阅区/ [索取号:O415.5/116] 在馆    
欢迎您!
大连网信软件有限公司© 版权所有